Ten secrets for the man in the mirror. (Record no. 12565)
[ view plain ]
| 000 -LEADER | |
|---|---|
| fixed length control field | 00469nam a22001457a 4500 |
| 008 - FIXED-LENGTH DATA ELEMENTS--GENERAL INFORMATION | |
| fixed length control field | 160805b xxu||||| |||| 00| 0 eng d |
| 020 ## - INTERNATIONAL STANDARD BOOK NUMBER | |
| International Standard Book Number | 0310243068 |
| 050 ## - LIBRARY OF CONGRESS CALL NUMBER | |
| Classification number | SPE BV 4528.2 .M69 1999 |
| 100 ## - MAIN ENTRY--PERSONAL NAME | |
| Personal name | Morley, Patrick. |
| Dates associated with a name | 1999. |
| 245 ## - TITLE STATEMENT | |
| Title | Ten secrets for the man in the mirror. |
| Statement of responsibility, etc. | Patrick Morley |
| 260 ## - PUBLICATION, DISTRIBUTION, ETC. (IMPRINT) | |
| Place of publication, distribution, etc. | USA; |
| Name of publisher, distributor, etc. | Zondervan, |
| Date of publication, distribution, etc. | 1999. |
| 300 ## - PHYSICAL DESCRIPTION | |
| Extent | 175 p. |
| 650 ## - SUBJECT ADDED ENTRY--TOPICAL TERM | |
| Topical term or geographic name as entry element | Religious life. |
| 942 ## - ADDED ENTRY ELEMENTS (KOHA) | |
| Source of classification or shelving scheme | |
| Koha item type | Hard Covered Materials |
| Classification part | SPE BV 4528.2 .M69 1999 |
| Koha issues (borrowed), all copies | 2 |
| Withdrawn status | Lost status | Source of classification or shelving scheme | Damaged status | Not for loan | Home library | Current library | Shelving location | Date acquired | Source of acquisition | Total Checkouts | Full call number | Barcode | Date last seen | Date last checked out | Price effective from | Koha item type |
|---|---|---|---|---|---|---|---|---|---|---|---|---|---|---|---|---|
| MACHAKOS UNIVERSITY LIBRARY | MACHAKOS UNIVERSITY LIBRARY | Open shelf | 05/08/2016 | Donation (BFA) | 11 | SPE BV 4528.2 .M69 1999 | 11893 | 07/01/2026 | 08/12/2025 | 05/08/2016 | Hard Covered Materials |